<The> Extended Functions of Strategic Controlling in Relation to the Value Creation of Sustainable Development

Úlohy systémov riadenia a kontroly v dlhodobej udržateľnosti. Strategické plánovanie zvyčajne vykonávané interne a najmä organizáciou. Problém neadekvátneho strategického plánovania často spočívajúci v tom, že vedenie spoločnosti bez neho nedokáže načrtnúť svoje dlhodobé zdroje. Mapovanie trvalo udr...

Descrizione completa

Salvato in:
Dettagli Bibliografici
Autore principale: Zéman, Zoltán
Natura: Capitolo di libro
Lingua:inglese
Soggetti:
Tags: Aggiungi Tag
Nessun Tag, puoi essere il primo ad aggiungerne!!

MARC

LEADER 00000naa a2200000 4500
001 0258733
005 20191003151226.5
041 0 |a eng 
044 |a SK 
245 1 0 |a <The> Extended Functions of Strategic Controlling in Relation to the Value Creation of Sustainable Development  |c Zoltán Zéman 
520 |a Úlohy systémov riadenia a kontroly v dlhodobej udržateľnosti. Strategické plánovanie zvyčajne vykonávané interne a najmä organizáciou. Problém neadekvátneho strategického plánovania často spočívajúci v tom, že vedenie spoločnosti bez neho nedokáže načrtnúť svoje dlhodobé zdroje. Mapovanie trvalo udržateľného rozvoja na mikroekonomickej úrovni je súčasťou spoločenskej zodpovednosti podnikov. Manažéri a úloha strategickej kontroly. 
610 2 0 |a kontroling 
610 2 0 |a kontroling strategický 
610 2 0 |a rozvoj trvalo udržateľný 
610 2 0 |a plánovanie strategické 
610 2 0 |a spoločnosť 
610 2 0 |a manažéri 
610 2 0 |a mikroekonomika 
100 1 |a Zéman, Zoltán